[Event "Asia-ch 5th"]
[Site "Hyderabad"]
[Date "2005.10.07"]
[Round "2"]
[White "Kotsur, Pavel"]
[Black "Sharbaf, Mohsen"]
[Result "1/2-1/2"]
[WhiteElo "2587"]
[BlackElo "2387"]
[Annotator "Rogozenco,D"]
[PlyCount "82"]
[EventDate "2005.10.05"]
[EventType "swiss"]
[EventRounds "9"]
[EventCountry "IND"]
[SourceTitle "CBM 110"]
[Source "ChessBase"]
[SourceDate "2006.01.31"]
[SourceVersion "1"]
[SourceVersionDate "2006.01.31"]
[SourceQuality "1"]

1. e4 c5 2. Nf3 Nc6 3. d4 cxd4 4. Nxd4 Nf6 5. Nc3 e5 6. Ndb5 d6 7. Bg5 a6 8.
Na3 b5 9. Bxf6 gxf6 10. Nd5 Bg7 11. Bd3 Ne7 12. Nxe7 Qxe7 13. O-O f5 14. c4 O-O
15. Qf3 bxc4 (15... d5 {is the main line nowadays}) 16. Nxc4 d5 17. exd5 e4 18.
Qe3 Bb7 19. d6 Qh4 $5 {A very rare move, which is not better than the usual 19.
..Qf6, but at least it brings some fresh ideas in what has been considered a
difficult variation for Black.} ({The main variation goes:} 19... Qf6 20. Bc2
f4 21. Qh3 Rac8 22. b3 Qg5 23. d7 {Anand's novelty from 2002 closed the
discussions in the line 15...bxc4 - the conclusion was that White is clearly
better. However, it is interesting that the French correspondence player
Robert Serradimigni showed that with a patient defence Black can achieve a
draw:} Rc6 24. Bxe4 Rh6 25. Qf5 Qxf5 $1 (25... Qh4 26. h3 $16 {
Anand-Kasimdzhanov, Hyderabad 2002}) 26. Bxf5 Bxa1 27. Rxa1 Rd8 $1 (27... Rf6
28. Rd1 Rd8 29. Bg4 f3 30. g3 $16) 28. Na5 (28. Re1 Kf8 29. g3 fxg3 30. fxg3
Rf6 31. g4 Bd5 32. g5 Rxf5 33. Re8+ Rxe8 34. dxe8=Q+ Kxe8 35. Nd6+ Kd7 36. Nxf5
Ke6 37. Ne3 Be4 38. Kf2 f6 39. gxf6 Kxf6 40. Nc4 Ke6 41. Ke3 Bb1 42. a3 Kd5 43.
Kd2 Kd4 44. Ne3 Be4 45. Nc2+ Ke5 46. Nb4 Bb7 47. Ke3 h5 48. Nd3+ Kf5 49. Nc5
Bc8 50. b4 h4 51. Nd3 Bd7 52. Nc5 Bc8 53. Ne4 Kg4 54. Kf2 Kh3 55. Kg1 Kg4 56.
Nc3 Kf3 57. b5 {1/2-1/2 Karasalo (SWE),J (2436)-Serradimigni (FRA),R (2423)/
WC27SF10 Corr 2003}) (28. g4 fxg3 29. fxg3 Bd5 30. Ne3 Bc6 31. Rd1 Kf8 32. Nc4
Rf6 33. g4 h5 34. Ne5 hxg4 35. Bxg4 Bb7 36. h3 Rb6 37. Rf1 Bd5 38. Kh2 Ke7 39.
Re1 Kd6 40. Kg3 Rb4 41. h4 Rg8 42. h5 f5 43. d8=Q+ {1/2-1/2 Ciucurel R (2337)
-Campian,C (2225)/ICCF corr 2005}) (28. Rd1 Rh5 29. Nd6 Bc6 $11) 28... Ba8 (
28... Bd5 $2 29. Rd1 Re6 30. Bxe6 fxe6 31. Nc4 Rxd7 32. f3 $16 {Ceteras}) 29.
f3 Kf8 30. Rc1 Rd6 $1 31. Nc4 Rd5 32. Be4 Rc5 33. Bxa8 Rxa8 34. Rd1 Rd8 35. Rd4
Ke7 36. Rxf4 Rxd7 {1/2-1/2 Ceteras,M-Serradimigni,R/Coppa Latina VI B1 corr
2003}) 20. g3 (20. Na5 f4 21. Qh3 Qxh3 22. gxh3 exd3 23. Nxb7 Rfb8 (23... Rab8
$5 24. Nc5 Rfd8) 24. Nc5 Rxb2 25. Rab1 Rd8 26. Rxb2 Bxb2 27. Nxd3 Bd4 28. Nxf4
Rxd6 $11 {1-0 Fogarasi,T (2500)-Wagner,C (2405)/Paris 1995 (73)}) 20... Qh3 21.
Be2 (21. Bc2 Rac8 $44) 21... Bh6 22. Qb6 (22. Qb3 Rab8 (22... Bd5 $5) 23. Ne3
Kh8 $2 (23... Bg7 $142) 24. d7 Rg8 25. Qxf7 $18 {1-0 Liss,E (2480)-Kundin,A 
(2295)/Tel Aviv 1994 (29)}) 22... Rab8 $146 (22... Bd5 23. Rfd1 $14 {1-0 Maki,
V (2376)-Holmsten,A (2420)/Finland 2002 (65)}) 23. Ne3 (23. Qd4 f4 $40) 23...
Bd5 (23... f4 $2 24. Bg4 $1) 24. Qd4 {Square d4 is only apparently active for
queen. In reality Black wins an important tempo later on with ...Bg7.} (24.
Qxa6 $5 Be6 25. Rfd1) 24... Be6 {In this complicated position the chances seem
to be about equal. White must search for improvements earlier.} 25. Ng2 (25. b3
$6 f4 $1 $40) (25. f4 $6 Bg7 $36) (25. Nc4 $5 Rfd8 (25... Bg7 26. Ne5 $13) 26.
Rfd1 (26. Ne5 Bf8 $1) 26... Bg7 27. Ne5 Qh6 $13 {[%cal Gg7f6,Yh6g7]}) 25... Bg7
26. Qa4 (26. Qe3 Rxb2 27. Rad1 Qh6 $1 (27... Rxa2 $2 28. Nf4 Qh6 29. d7 Rd8 30.
Qb6 Qf6 (30... Rxd7 $2 31. Rxd7 Bxd7 32. Qd8+ $18) 31. Nxe6 fxe6 32. Bc4 $18) (
27... Rd8 28. Qg5 $1 Rd7 29. Rb1 $36) 28. Nf4 Rd8 $13) 26... Rxb2 27. Bc4 (27.
Nf4 Qh6 {[%cal Gg7e5]} 28. Nxe6 Qxe6 29. Qxa6 f4 $5 (29... Rxe2 30. Qxe2 Bxa1
31. Rxa1 Qxd6 32. a4 $14) 30. gxf4 e3 31. Rad1 Rd8 $44) 27... e3 $1 (27... Bxc4
28. Qxc4 Rd8 29. Rad1 (29. Qc7 Bf6 $13) 29... Qh6 30. Ne3 $14) 28. Nxe3 f4 29.
gxf4 (29. Ng2 fxg3 30. hxg3 Bd7 31. Qd1 Bc6 32. Bd5 Bxd5 33. Qxd5 Rb5 34. Qe4
Rh5 35. Nh4 Bf6 $1 $40) (29. Bxe6 fxe6 30. gxf4 Rb5 $1 $40) 29... Bd7 30. Qa5
Bd4 31. Qd5 (31. Rad1 Rxf2 32. Rxf2 Bxe3 33. Qg5+ Kh8 34. Qf6+ Kg8 35. Qg5+ $11
) 31... Rxf2 $11 (31... Rd2 32. Rad1 Bxe3 $11) 32. Rxf2 Qxe3 33. Raf1 Kh8 34.
Kh1 Be6 35. Qc6 Qc3 36. Bd5 Bxd5+ 37. Qxd5 Bxf2 38. Rxf2 Qe1+ 39. Kg2 Rg8+ 40.
Kh3 Qxf2 41. Qe5+ Rg7 1/2-1/2

[Event "Candidates sf1"]
[Site "Dortmund"]
[Date "2002.07.13"]
[Round "1"]
[White "Shirov, Alexei"]
[Black "Leko, Peter"]
[Result "0-1"]
[WhiteElo "2697"]
[BlackElo "2722"]
[Annotator "Rogozenco,D"]
[PlyCount "94"]
[EventDate "2002.07.13"]
[EventType "match"]
[EventRounds "4"]
[EventCountry "GER"]
[SourceTitle "CBM 090"]
[Source "ChessBase"]
[SourceDate "2002.09.20"]
[SourceVersion "1"]
[SourceVersionDate "2002.09.20"]
[SourceQuality "1"]

1. e4 {Ftacnik} c5 2. Nf3 Nc6 3. d4 cxd4 4. Nxd4 Nf6 5. Nc3 e5 6. Ndb5 d6 7.
Bg5 a6 8. Na3 b5 9. Bxf6 gxf6 10. Nd5 f5 11. Bd3 Be6 12. O-O Bxd5 13. exd5 Ne7
14. c3 Bg7 15. Qh5 e4 16. Bc2 O-O 17. Rae1 Qc8 18. Kh1 Rb8 $1 $146 {The idea
of this novelty is obvious - Black wants to create a quick counterplay on the
queenside.} (18... Ng6) 19. f3 (19. g4 {was played six days later by Topalov,
but Black got a good play anyway:} b4 20. cxb4 Nxd5 21. gxf5 Kh8 {and White
has no advantage, Topalov,V-Leko,P/Dortmund 2002}) 19... b4 20. Nb1 {'?!'
Ftacnik.} (20. cxb4 Bxb2 21. fxe4 {is a typical piece sacrifice. With black
rooks on e8 and a8 this works out, but here it has less chances for success.}
Bxa3 {[%cal Gc8c2]} 22. Re3 (22. Bb1 f6 {stops the attack, keeping an extra
piece.}) 22... Qxc2 23. Rg3+ (23. Rxa3 Qxe4 $19) 23... Ng6 24. Rh3 Rfc8 25.
exf5 Ne5 26. Qxh7+ Kf8 {and the king escapes}) (20. fxe4 $5 {Ftacnik} bxa3 (
20... f4 {Ftacnik} 21. cxb4 Rxb4 22. b3 Qc3 23. Bb1 $16) 21. exf5 Bf6 $1 (21...
axb2 {Ftacnik} 22. f6 Ng6 23. fxg7 Kxg7 24. Re3 $40) (21... Rxb2 {Ftacnik} 22.
f6 Rxc2 23. fxg7 Kxg7 24. Rxe7 $18) 22. Rxe7 Qc4 23. Rfe1 axb2 24. R7e3 Qh4 25.
Qf3 $14) 20... bxc3 21. bxc3 Bxc3 {'!?' Ftacnik. very concrete. Black will
defend the king with the knight and queen, which will replace the bishop on
the long diagonal. Ftacnik: 'Leko plays with a clear strategy of domination on
the dark squares, white's c3 pawn was the last defender of the dark complex.'}
22. Nxc3 Qxc3 23. fxe4 f4 $1 {A well-known motif: to keep the diagonal b1-h7
closed.} (23... Qxc2 24. exf5 {is unclear}) 24. Bb3 {'?!' Ftacnik.} (24. Bb1 $5
{Ftacnik} Ng6 25. e5 dxe5 26. d6 (26. Bxg6 {Ftacnik} hxg6 27. Qxe5 Qxe5 28.
Rxe5 Rb2 29. h4 Rxa2 30. Rxf4 $11) 26... Rfd8 27. Rd1 Rxb1 28. Rxb1 Rxd6 $13)
24... Ng6 25. Rc1 Qf6 {There is little White can do against opponent's
domination on the black squares. In the next part of the game Shirov failed to
create anything, while Leko successfully overtook the initiative and created
decisive threats.} 26. Qf5 Qe7 27. Rc4 a5 $1 28. h3 {This weakens square g3,
which will play the decisive role later. On the other hand it is difficult to
find a sensitive plan for White.} Rb4 29. Rxb4 {'?' Ftacnik. Ftacnik: 'Shirov
is helping black to activate his pieces, white king will fall under strong
attack.'} (29. Rfc1 {Ftacnik} Rxc4 30. Rxc4 Qh4 31. Rc1 Qg3 $15) 29... axb4 30.
Bd1 {'?!' Ftacnik. The bishop is desperately looking for a job.} Ra8 31. Rf2
Qa7 32. Rc2 Kg7 33. Kh2 (33. Bh5 b3 $1 34. axb3 Qe3 {[%cal Ga8a1] with
inevitable mate.}) 33... Qe3 34. Bf3 Qe1 {The inevitable penetration finally
happened. White cannot hold the position.} 35. Rc7 Qg3+ 36. Kh1 Ne5 37. Bh5
Rxa2 38. Rxf7+ Nxf7 39. Qxf7+ Kh6 40. Qf6+ Kxh5 41. Qf5+ Kh6 42. Qf6+ Qg6 43.
Qh4+ Kg7 44. Qe7+ Qf7 45. Qg5+ Kf8 46. Qd8+ Qe8 47. Qf6+ Kg8 ({There is no
perpetual check. For instance:} 47... Kg8 48. Qg5+ Kf7 49. Qf5+ Ke7 50. Qe6+
Kd8 51. Qxd6+ Kc8 52. Qc5+ Kb7 53. Qxb4+ Ka8) 0-1

[Event "Lvov Cup of Galychina"]
[Site "Lvov"]
[Date "2001.12.28"]
[Round "11"]
[White "Volokitin, Andrei"]
[Black "De Vreugt, Dennis"]
[Result "1-0"]
[WhiteElo "2566"]
[BlackElo "2437"]
[Annotator "Rogozenco,D"]
[PlyCount "131"]
[EventDate "2001.12.18"]
[EventType "tourn"]
[EventRounds "11"]
[EventCountry "UKR"]
[EventCategory "11"]
[SourceTitle "CBM 087"]
[Source "ChessBase"]
[SourceDate "2002.03.21"]
[SourceVersion "1"]
[SourceVersionDate "2002.03.21"]
[SourceQuality "1"]

1. e4 c5 2. Nf3 Nc6 3. d4 cxd4 4. Nxd4 Nf6 5. Nc3 e5 6. Ndb5 d6 7. Bg5 a6 8.
Na3 b5 9. Nd5 Be7 10. Bxf6 Bxf6 11. c3 O-O 12. Nc2 Rb8 13. g3 {White chooses a
simple set-up. It is not the most ambitious one (if considering fight for
opening advantage), but a possible way to avoid a principled opening battle
and try to outplay the opponent in middlegame or even in endgame.} Be6 (13...
Bg5 14. h4 Bh6 15. Bg2 (15. Bh3 Be6 $11 (15... Bxh3 16. Rxh3 Qd7 17. g4 $1 (17.
Rh2 f5 $36) 17... Bf4 18. Rd3 Qe6 19. Qf3 $14)) 15... a5 16. a3 Ne7 17. Nce3
Bxe3 18. Nxe3 b4 19. axb4 (19. cxb4 $2 axb4 20. a4 b3 (20... Ba6 $5) 21. O-O
Nc6 $15 {[%csl Rd4]}) 19... axb4 20. O-O bxc3 21. bxc3 Be6 {1/2-1/2 Kindermann,
S-Rogozenko,D/BL9900 Plauen-Magdeburg 2000}) 14. Bg2 Bg5 15. O-O Bh6 $6 {
A serious innacuracy. There was no need to remove the bishop from g5.
Sometimes it might return to d8 and b6 (the diagonal a7-g1 is best for black
dark-squared bishop). Often White even plays h2-h4 himself in order to force
the answer Bh6 and to assure that the bishop won't return to e7 or d8. Black
doesn't have to fear the advance f2-f4, which opens the position and gives
Black counterchances as well. Finally, the move 15. ... Bh6 is a waste of
precious time.} (15... a5 16. Qd3 Ne7 17. Nce3 Bxe3 {Another example to
underline the dawbacks of Bg5-h6: Black is happy to trade his bishop for the
knight, which means that after the game move 15. ... Bh6 this will be achieved
with a loss of tempo (Bg5-h6xe3).} 18. Nxe3 Qb6 $11 19. Rfd1 Rfd8 20. Rd2 b4
21. h3 bxc3 22. bxc3 Qc5 $17 {0-1 Westerinen,H-Schandorff,L/Reykjavik 1997 (48)
}) 16. Qd3 Qd7 17. Rfd1 a5 {The position is close to equal, but Black already
starts to feel uncomfortable - his bishop on h6 is out of play. The problem is
that Black cannot fight for square d5 yet with Ne7, because White has Nxe7 and
Qxd6. With the bishop on g5 this would have been possible, thanks to the
possibility Bg5xe7.} 18. a3 {Too slow. It weakens square b3 unnecessarily and
Black finds a way to use it.} (18. b4 $142) 18... a4 $5 {[%csl Rb2][%cal Gc6a5,
Ga5c4] An interesting decision. Black prevents the advance b2-b4 and prepares
the maneuver Na5-c4.} (18... Rfd8 19. b4 $14) (18... f5 $5 19. b4 Qf7 $1 $132 {
[%csl Rf2][%cal Gf7f2]}) 19. Ndb4 (19. Nce3 Bxe3 20. Nxe3 Rfd8 $11) 19... Rfd8
20. Nxc6 Qxc6 21. Nb4 Qb7 22. Nd5 Rbc8 (22... Bxd5 $2 23. Qxd5 Qxd5 $2 24. Rxd5
$16 {[%csl Rb5,Rd6,Rh6][%cal Gg2f1]}) 23. Qf3 Rc5 24. Nf6+ Kh8 (24... gxf6 $4
25. Qxf6 $18 {[%csl Rd8,Rh6]}) 25. Ng4 Bg5 26. h4 Qc8 27. Ne3 Bxe3 28. Qxe3 {
White's knight maneuvers brought him nothing.} Bb3 29. Rd2 h6 $11 30. Bf3 Qb8
31. Kh2 Rc7 32. Bd1 Bc4 33. Bc2 Qa7 {Black was probably sure that arising
endgame is drawish. This might well be true, but only White has chances to
play for a win without any risks in endgame. I wouldt have kept the queens.
Sooner or later White will have to open up the position somehow and with
queens on the board Black will be able to create counterchances.} 34. Qxa7 Rxa7
$14 35. Rad1 Ra6 36. Kg2 Kg8 37. f4 (37. Rb1 {brings nothing:} Ba2) 37... f6
38. Kf3 Kf7 39. Ke3 Ke7 40. Bd3 Rb6 (40... Bb3 $142 41. Bxb5 $140 $2 Rb6) 41.
Bxc4 bxc4 42. fxe5 fxe5 43. Rf1 Rf8 44. Rxf8 Kxf8 45. Kf3 Ke7 46. Kg4 g6 47. h5
Kf6 48. Rd5 gxh5+ 49. Kxh5 Ke7 50. Rd2 Rb8 51. g4 Rf8 52. Kxh6 Rf4 53. g5 Rh4+
54. Kg7 Rxe4 55. Rh2 Rg4 56. g6 e4 57. Kh7 Kf6 58. Rf2+ Ke5 $4 (58... Ke7 59.
g7 e3 60. Rf3 (60. Re2 Kf7) 60... e2 61. Re3+ Kf7 62. Rf3+ $11) 59. g7 e3 60.
Rf8 Ke4 61. g8=Q Rxg8 62. Kxg8 e2 63. Re8+ Kf3 64. Kf7 d5 65. Re5 Kf2 66. Ke6
1-0

[Event "FRA-chT poule haute"]
[Site "France"]
[Date "2003.05.10"]
[Round "11.2"]
[White "Hamdouchi, Hicham"]
[Black "Dorfman, Josif D"]
[Result "1-0"]
[WhiteElo "2615"]
[BlackElo "2610"]
[Annotator "Rogozenco,D"]
[PlyCount "87"]
[EventDate "2003.05.07"]
[EventType "team"]
[EventRounds "4"]
[EventCountry "FRA"]
[SourceTitle "CBM 095"]
[Source "ChessBase"]
[SourceDate "2003.07.25"]
[SourceVersion "1"]
[SourceVersionDate "2003.07.25"]
[SourceQuality "1"]
[WhiteTeam "Montpellier"]
[BlackTeam "Monaco"]
[WhiteTeamCountry "FRA"]
[BlackTeamCountry "FRA"]

1. e4 c5 2. Nf3 Nc6 3. d4 cxd4 4. Nxd4 Nf6 5. Nc3 e5 6. Ndb5 d6 7. Bg5 a6 8.
Na3 b5 9. Bxf6 gxf6 10. Nd5 f5 11. c3 fxe4 $2 {It is surprising to see these
days a well-known opening mistake made again and again. It is even more
surprising when it is played by a respectful Grandmaster. What is it? A black
spot in the memory? A new idea somewhere in complicated variations, trying to
bring a (very) bad opening line back to life? Robert Fischer invented the
Fischer Random Chess for the simple reason that the classical chess came to an
end, is exhausted, everything is known here. He surely omitted the fact that
for humans the classical chess will never come to an end. We make mistakes and
the time shows that, paradoxically, we always make more mistakes. The more we
learn, the more we forget. And as a result repeat the mistakes from the past.
That's very unfortunate, but that seems to be the truth.} 12. Bxb5 {This was
one of the first opening traps I learned as a child. I can remember that for
me it was far from clear why according to the theory the resulting positions
are so bad for Black. After some deeper study I realised that indeed, Black
keeps some chances and might be able to create some counterplay against white
king, but in order to do that he must jump over his head and create initiative
out of nothing. White will have material advantage and enjoy a pleasant play
in a better position, while for Black the game can easily turn out to be a
real nightmare (just count the number of black pawns in the present game after
34 moves, it won't take long).} axb5 13. Nxb5 Be6 14. Nbc7+ Kd7 15. Nxa8 Bxd5
16. Qxd5 Qxa8 {After 12.Bxb5 all these are best moves for Black. The
alternatives lead to a quicker disaster.} 17. Qxf7+ {Now let's evaluate the
positon. The material is slightly in White's favour, but close to balanced.
Other main factors are: - the position of the kings - disastrous for Black,
who must practically protect the king for the rest of the game; - the pawn
structure - White has no weaknesses, while Black has only weaknesses (quite a
difference!); - the activity of the pieces - balanced, since White has a more
active queen, but his rooks didn't enter the play yet (they's do it soon
though). The concusion comes naturally: White is much better. With two pieces
for the rook Black keeps practical chances, but it is extremely difficult to
create an initiative because of the above-mentioned factors: an exposed king
on d7 and a broken pawn structure.} (17. Qxe4 {is no fun for Black either.
Even E.Sveshnikov (otherwise a big optimist) evaluates in his book the
position after 17.Qxe4 as difficult for Black.}) 17... Ne7 (17... Be7 18. Qf5+
Kc7 19. Qxe4 {One pawn less.} Qb7 (19... Na5 20. Qa4 Nc6 21. Qc4 Qg8 22. Qxg8
Rxg8 23. O-O d5 24. Rfd1 Kd6 25. Rd3 e4 26. Rh3 Rg7 27. Rh6+ Kc7 28. Rd1 Rg5
29. Rxh7 {Another soldier fell down.} Kb6 30. h4 {1-0 Nikolaidis,
K-Papastavropoulos,A/Ano Liosia 1996 (49)}) 20. b4 Nd8 21. Qxb7+ Kxb7 22. Ke2
Ne6 23. g3 Rc8 24. Rhc1 d5 25. Rd1 d4 26. cxd4 Nxd4+ 27. Kd3 Bf6 28. Ke4 Rc4
29. Rac1 Rxb4 30. Rb1 Rxb1 31. Rxb1+ Kc6 32. a4 {1-0 Polzin,R-Lindner,A/
Germany 2001.}) 18. O-O-O (18. O-O {was played in Ioseliani,N-Matveeva,S/Tuzla
1987, which also ended with a victory for White, but on the other hand why
placing the king on the side where black rook will be acive?}) 18... Rg8 {
This is Black's novelty. As we'll see, it changes little in the evaluation of
the position - White remains better, but Black keeps some chances to
complicate matters. However, the question remains the same - why playing an
opening variation when from the beginning one gets an objectively worse
position?} (18... Bh6+ 19. Kb1 Qf8 (19... e3 20. Qf6 $18 {was immediately over
in Vrublevskaya-Frantsuzova, Moscow 2000.}) 20. Rxd6+ {Nice, although not
necessary.} ({The simple} 20. Qc4 Qxf2 21. Rhf1 {followed by 22.Rf6 is
decisive too.}) 20... Kxd6 21. Rd1+ Kc7 22. Qe6 Nc6 23. Rd7+ Kb6 24. Qb3+ Nb4
25. cxb4 $18 {1-0 Fercec,N-Jelen,I/Tucepi 1996 (31)}) (18... h5 19. Rxd6+ {
Here this works without much calculation.} Kxd6 20. Qf6+ Kd7 21. Qxh8 Qxa2 22.
Rd1+ Nd5 23. Qxf8 Qa1+ 24. Kc2 Qa4+ 25. Kd2 Nf4 26. Qb4 Qc6 27. Ke3+ Ke6 28.
Rd8 Nd5+ 29. Rxd5 Qxd5 30. Qxe4 Qc5+ 31. Kf3 Kf6 32. g3 {1-0 Butunoi,A-Czimer,
J/Savaria 2002.}) 19. g3 e3 (19... Kc7 20. Rhe1 $16) 20. Rhe1 Rg7 (20... exf2
21. Rxe5 $18) 21. Qf6 Rg6 22. Qxe5 exf2 23. Re2 Qf3 {Around here Black should
look for improvements, although his chances are worse in all variations:} (
23... Kc7 24. Qd4 Qxa2 25. Rxf2 Bg7 26. Qd3 Bh6+ 27. Kc2 Qa4+ 28. Kb1 $16) (
23... Qxa2 24. Qb5+ Kc7 25. Rxf2 Bh6+ 26. Kc2 $14 {/+/-}) (23... Qa4 24. Qd4 $5
Qxd4 25. cxd4 Rf6 26. Rf1 Bg7 27. Kc2 Nc6 28. Rexf2 Nxd4+ 29. Kd3 Rxf2 30. Rxf2
Ke6 {and Black keeps chances for draw thanks to the passed "d"-pawn.}) 24. Qb5+
Kc7 25. Rf1 Rg5 26. Qc4+ Rc5 27. Qe4 Qh5 28. Rexf2 Bh6+ 29. Kb1 Re5 30. Qxh7 {
The material advantage is too big now, but the pawn on d6 is still there, so I
guess Black had some hopes left.} Kc6 31. Qf7 Qh3 32. Qc4+ Kb6 33. Rf6 Nc6 34.
Rxd6 {But in this position it is difficult to say what was Black hoping for.}
Rc5 35. Qe2 Bg7 36. a3 Be5 37. Rg6 Qd7 38. Qc2 Qd5 39. Rd1 Qf7 40. Rh6 Bxc3 41.
bxc3 Rb5+ 42. Ka1 Qf8 43. Rdd6 Ka5 44. Rhf6 1-0

[Event "USA-ch"]
[Site "Seattle"]
[Date "2002.01.06"]
[Round "2"]
[White "Mulyar, Michael A"]
[Black "Yermolinsky, Alex"]
[Result "1/2-1/2"]
[WhiteElo "2427"]
[BlackElo "2574"]
[Annotator "Rogozenco,D"]
[PlyCount "40"]
[EventDate "2002.01.05"]
[EventType "swiss"]
[EventRounds "9"]
[EventCountry "USA"]
[SourceTitle "CBM 087"]
[Source "ChessBase"]
[SourceDate "2002.03.21"]
[SourceVersion "1"]
[SourceVersionDate "2002.03.21"]
[SourceQuality "1"]

1. e4 c5 2. Nf3 Nc6 3. d4 cxd4 4. Nxd4 Qb6 5. Nb3 Nf6 6. Nc3 e6 7. Qe2 Bb4 8.
Bd2 O-O 9. a3 Be7 10. O-O-O d5 {First played in the game Movsesian,S-Grivas,E/
Panormo 2001, this move was recommended by V.Golod back in 1998. In the
present game White decided to go for a quick kingside attack, which seems to
be most ambitious plan.} (10... d6 11. g4 a6 12. g5 Nd7 13. h4 Qc7 14. f4 b5
15. Kb1 b4 16. axb4 Nxb4 17. f5 $40 {1-0 Anand,V-Kramnik,V/Mainz 2001 (28)})
11. e5 (11. Be3 Qc7 12. exd5 Nxd5 13. Nxd5 exd5 14. g4 $5 {White's chanses
look slightly better, but Black eventually hold in the following game:} Rd8 15.
Bg2 Be6 16. Kb1 Rac8 17. f4 d4 18. Bc1 d3 19. Rxd3 Rxd3 20. Qxd3 Bxg4 21. Be4
g6 22. f5 Qd6 {and Black was soon better in Movsesian,S-Grivas,E/Panormo 2001})
11... Nd7 12. f4 a6 13. Qh5 (13. Be3 Qc7 14. Qh5 {deserved attention, since
now Black cannot trade pieces with Nd4 or Nc5.}) 13... f5 (13... Qc7 $2 14. Bd3
f5 15. g4 $40) 14. Bd3 (14. g4 $5 d4 15. Na2 $13) 14... Nd4 {Otherwise after
g2-g4 Black will find himself under a strong attack. The idea behind 14. ...
Nd4 is to trade the knight on b3 which controls square c5, thus preparing
Nd7-c5 next.} 15. Nxd4 Qxd4 16. Rhe1 (16. g4 Nc5 17. Be2 Ne4 $5 18. Nxe4 fxe4
$13) (16. Qh3 $5 Qb6 (16... Nc5 $2 17. Be3 $18) 17. Be3 (17. Nxd5 $2 exd5 18.
Bxf5 Rxf5 19. Qxf5 Nc5 20. Qh5 Be6 21. f5 $140 $2 (21. Bb4 Na4 $5 $40) 21...
Na4 $19) 17... Bc5 18. Bxc5 Nxc5 19. Kb1 Bd7 20. g4 $1 $40) 16... Qb6 17. Re3 (
17. g4 Nc5 $13 18. Bxf5 $140 $2 exf5 19. Nxd5 Nd3+ $1 (19... Qe6 20. Bb4 $36)
20. cxd3 Qc6+ 21. Nc3 fxg4 $17) 17... g6 18. Qh6 Nc5 19. Rh3 (19. g4 $2 d4 20.
Rh3 Nxd3+ 21. cxd3 Rf7) 19... Nxd3+ 20. Rxd3 Rf7 $13 1/2-1/2